| Tag |
First Indicator |
Second Indicator |
Subfields |
| LEADER |
00000cam a2200000 a 4500 |
| 001 |
in00000013606 |
| 005 |
20151007052520.0 |
| 008 |
861230s1987 mdua br 00010 eng |
| 010 |
|
|
|a 86083384
|
| 020 |
|
|
|a 0806311851
|
| 035 |
|
|
|a (OCoLC)15791165
|
| 035 |
|
|
|9 AAA8097AM
|
| 040 |
|
|
|a DLC
|c DLC
|d m/c
|d TXA
|d UtOrBLW
|
| 043 |
|
|
|a n-us-tx
|
| 049 |
|
|
|a TXAM
|c [A11056752]
|
| 050 |
0 |
0 |
|a F386
|b .K46 1987
|
| 082 |
0 |
|
|a 929/.1/0720764
|2 19
|
| 100 |
1 |
|
|a Kennedy, Imogene Kinard.
|
| 245 |
1 |
0 |
|a Genealogical records in Texas /
|c by Imogene Kinard Kennedy & J. Leon Kennedy.
|
| 264 |
|
1 |
|a Baltimore :
|b Genealogical Pub. Co.,
|c 1987.
|
| 300 |
|
|
|a vii, 248 pages :
|b illustrations ;
|c 26 cm.
|
| 336 |
|
|
|a text
|b txt
|2 rdacontent
|
| 337 |
|
|
|a unmediated
|b n
|2 rdamedia
|
| 338 |
|
|
|a volume
|b nc
|2 rdacarrier
|
| 504 |
|
|
|a Bibliography: pages 240-248.
|
| 651 |
|
0 |
|a Texas
|v Genealogy
|x Handbooks, manuals, etc.
|
| 651 |
|
0 |
|a Texas
|v Genealogy
|x Archival resources
|x Directories.
|
| 651 |
|
0 |
|a Texas
|v Genealogy
|x Library resources
|x Directories.
|
| 700 |
1 |
|
|a Kennedy, J. Leon.
|
| 999 |
|
|
|a MARS
|
| 999 |
f |
f |
|s 8313b049-0d4a-321c-a537-f5fcd67053e8
|i feed9605-25d6-35e0-b55e-2804d2f45796
|t 0
|
| 952 |
f |
f |
|p normal
|a Texas A&M University
|b College Station
|c Sterling C. Evans Library
|d Evans: Library Stacks
|t 0
|e F386 .K46 1987
|h Library of Congress classification
|i unmediated -- volume
|m A14811056752
|
| 998 |
f |
f |
|a F386 .K46 1987
|t 0
|l Evans: Library Stacks
|